Food microbiology

Kaydedildi:
Detaylı Bibliyografya
Yazar: Frazier, W. C
Materyal Türü: Sách
Dil:Undetermined
Baskı/Yayın Bilgisi: McGraw-Hill 1988
Konular:
Etiketler: Etiketle
Etiket eklenmemiş, İlk siz ekleyin!
Thư viện lưu trữ: Trung tâm Thư viện - Trường Đại học Công nghiệp TP. Hồ Chí Minh
LEADER 00443nam a2200157Ia 4500
001 UIH_00343
008 230809s9999 xx 000 0 und d
082 |a 576.163 
100 |a Frazier, W. C 
245 0 |a Food microbiology 
245 0 |c Frazier, W. C 
260 |b McGraw-Hill 
260 |c 1988 
650 |a Food;Food contamination; 
927 |a Sách 
980 |a Trung tâm Thư viện - Trường Đại học Công nghiệp TP. Hồ Chí Minh